00610nam a2200145 a 450000100100000000500170001000800410002704000250006824500870009326001180018030000350029804900090033395201050034299900170044700002987220200930055854.0110407s1987 dr ac 000 0 spa d aDO-SdBNPbspacBNPHU00aLibro del año 1987 :bmisión de la República Dominicana, la gran división. aSanto Domingo :bEditorial Iglesia de Jesucristo de los Santos de los Últimos DíasfEditora Corripioc[1987]. a36 p. :bil., retrs. ;c28 cm. aBNPD 0010718PDaPDbPDcCTd2011-04-26iLF1l0o p29872-10r2020-06-25w2020-06-25yLFPDZNo se presta c29364d29364